Методика измерения распределения дозы в водном фантоме; Современные техника и технологии; Т. 3
| Parent link: | Современные техника и технологии: сборник трудов XVI Международной научно-практической конференции студентов, аспирантов и молодых ученых, Томск, 12-16 апреля 2010 г/ Национальный исследовательский Томский политехнический университет (ТПУ).— , 2010 Т. 3.— 2010.— [С. 39-40] |
|---|---|
| Autore principale: | |
| Altri autori: | , |
| Riassunto: | Заглавие с титульного листа Электронная версия печатной публикации |
| Lingua: | russo |
| Pubblicazione: |
2010
|
| Soggetti: | |
| Accesso online: | http://www.lib.tpu.ru/fulltext/c/2010/C01/V1/017.pdf |
| Natura: | MixedMaterials Elettronico Capitolo di libro |
| KOHA link: | https://koha.lib.tpu.ru/cgi-bin/koha/opac-detail.pl?biblionumber=234768 |
MARC
| LEADER | 00000naa2a2200000 4500 | ||
|---|---|---|---|
| 001 | 234768 | ||
| 005 | 20260209110730.0 | ||
| 035 | |a (RuTPU)RU\TPU\book\255895 | ||
| 035 | |a RU\TPU\book\255862 | ||
| 090 | |a 234768 | ||
| 100 | |a 20130328d2010 k y0rusy50 ca | ||
| 101 | 0 | |a rus | |
| 102 | |a RU | ||
| 135 | |a drnn ---uucaa | ||
| 181 | 0 | |a i | |
| 182 | 0 | |a b | |
| 200 | 1 | |a Методика измерения распределения дозы в водном фантоме |f Е. С. Куликова, А. Р. Вагнер |g науч. рук. А. Р. Вагнер | |
| 203 | |a Текст |c электронный | ||
| 215 | |a 1 файл (199 Кб) | ||
| 300 | |a Заглавие с титульного листа | ||
| 300 | |a Электронная версия печатной публикации | ||
| 337 | |a Adobe Reader | ||
| 461 | 0 | |0 (RuTPU)RU\TPU\book\245271 |t Современные техника и технологии |o сборник трудов XVI Международной научно-практической конференции студентов, аспирантов и молодых ученых, Томск, 12-16 апреля 2010 г |o в 3 т. |f Национальный исследовательский Томский политехнический университет (ТПУ) |d 2010 | |
| 463 | 0 | |0 (RuTPU)RU\TPU\book\255783 |t Т. 3 |v [С. 39-40] |d 2010 | |
| 610 | 1 | |a электронный ресурс | |
| 610 | 1 | |a труды учёных ТПУ | |
| 610 | 1 | |a злокачественные опухоли | |
| 610 | 1 | |a лечение | |
| 610 | 1 | |a лучевая терапия | |
| 610 | 1 | |a дозиметрия | |
| 610 | 1 | |a пучки излучений | |
| 610 | 1 | |a диагностика | |
| 610 | 1 | |a диагностирование | |
| 610 | 1 | |a дозы облучения | |
| 700 | 1 | |a Сухих |b Е. С. |c специалист в области атомной энергетики |c доцент Томского политехнического университета, кандидат физико-математических наук |f 1986- |g Евгения Сергеевна |3 (RuTPU)RU\TPU\pers\31149 |9 15345 | |
| 701 | 1 | |a Вагнер |b А. Р. |c российский учёный в области прикладной физики |c заведующий лабораторией №12 Томского политехнического университета |g Александр Рудольфович |3 (RuTPU)RU\TPU\pers\28129 | |
| 702 | 1 | |a Вагнер |b А. Р. |4 727 | |
| 801 | 1 | |a RU |b 63413507 |c 20130213 | |
| 801 | 2 | |a RU |b 63413507 |c 20170925 |g RCR | |
| 856 | 4 | |u http://www.lib.tpu.ru/fulltext/c/2010/C01/V1/017.pdf | |
| 942 | |c CF | ||